000 00285nam a22001337a 4500
008 170823b xxu||||| |||| 00| 0 eng d
020 _a3540524010
041 _aeng
080 _a54
100 _a38
101 _aMAT
245 _aRIEMANNIAN GEOMETRY
_cGALLOT.S
942 _2udc
_cBK
999 _c24719
_d24719